Logistické centrum - logistické ukazovatele
Logistické centrum - charakteristika. Možný rozsah činností logistického centra. Logistické ukazovatele. Sústava logistických ukazovateľov logistického centra podľa prioritných oblastí záujmu. Sústava logistických ukazovateľov logistického centra podľa Schulteho koncepcie.
Salvato in:
| Autore principale: | |
|---|---|
| Natura: | Capitolo di libro |
| Lingua: | slovacco |
| Soggetti: | |
| Tags: |
Nessun Tag, puoi essere il primo ad aggiungerne!!
|
MARC
| LEADER | 00000nla a2200000 4500 | ||
|---|---|---|---|
| 001 | 0237815 | ||
| 005 | 20240502073839.5 | ||
| 041 | 0 | |a slo | |
| 044 | |a SK | ||
| 245 | 1 | 0 | |a Logistické centrum - logistické ukazovatele |c Jozef Gajdoš |
| 520 | |a Logistické centrum - charakteristika. Možný rozsah činností logistického centra. Logistické ukazovatele. Sústava logistických ukazovateľov logistického centra podľa prioritných oblastí záujmu. Sústava logistických ukazovateľov logistického centra podľa Schulteho koncepcie. | ||
| 610 | 2 | 0 | |a centrá logistické |
| 610 | 2 | 0 | |a logistika |
| 610 | 2 | 0 | |a skladovanie |
| 610 | 2 | 0 | |a kvalita |
| 610 | 2 | 0 | |a produktivita |
| 610 | 2 | 0 | |a hospodárnosť |
| 610 | 2 | 0 | |a manipulácia s tovarom |
| 610 | 2 | 0 | |a doprava |
| 100 | 1 | |a Gajdoš, Jozef, 1962-2025 | |